| 000 | 00504nam a2200181 a 4500 | ||
|---|---|---|---|
| 005 | 20240612064154.0 | ||
| 008 | 991125s1996 ea 000 0 eng u | ||
| 020 | _a0852296274 | ||
| 035 | _aUPN01000006065 | ||
| 049 | _aC | ||
| 050 | 4 |
_aG1046 _bB7.58 1996 |
|
| 245 | 0 | 0 | _aBritannica Atlas. |
| 260 |
_aChicago : _bEncyclopaedia Britannica, _c1996. |
||
| 300 |
_axl, 320, 199 p. : _bmapa |
||
| 500 | _aTexto en: inglés, alemán, español, frances y portugués | ||
| 650 | 4 |
_aAtlas _98563 |
|
| 905 | _aLibro | ||
| 999 |
_c6065 _d6065 |
||